| 000 | 00368 a2200133 4500 | ||
|---|---|---|---|
| 005 | 20250616124345.0 | ||
| 020 | _a0-07-054744-0 | ||
| 082 | _a001.64 SAN | ||
| 100 | _aSANDERS, D.H. | ||
| 245 | _aComputer Concepts and Application. | ||
| 260 |
_aNew york, _bMc Graw-Hill, _c1987. |
||
| 300 |
_axxvi, 546p.: ill.; figure, map, picture, table. _bIndex. _c11cm. |
||
| 942 |
_2ddc _cBKS |
||
| 999 |
_c75 _d75 |
||